most populous cities from each state - Statistics

General Stats
  • This quiz has been taken 43 times
  • The average score is 39 of 50
Answer Stats
State City % Correct
Arizona Phoenix
96%
California Los Angeles
93%
New York New York
93%
Alaska Anchorage
89%
Georgia Atlanta
89%
Illinois Chicago
89%
Colorado Denver
89%
Maine Portland
89%
Oregon Portland
89%
New Mexico Albuquerque
85%
Alabama Birmingham
85%
Massachusetts Boston
85%
Hawaii Honolulu
85%
Texas Houston
85%
Indiana Indianapolis
85%
Mississippi Jackson
85%
Florida Jacksonville
85%
Nevada Las Vegas
85%
Louisiana New Orleans
85%
Pennsylvania Philadelphia
85%
Utah Salt Lake City
85%
Maryland Baltimore
81%
Ohio Columbus
81%
Missouri Kansas City
81%
Arkansas Little Rock
81%
Kentucky Louisville
81%
Tennessee Nashville
81%
Oklahoma Oklahoma City
81%
Washington Seattle
81%
Idaho Boise
78%
Iowa Des Moines
78%
Michigan Detroit
78%
Wisconsin Milwaukee
78%
Nebraska Omaha
78%
Rhode Island Providence
78%
North Carolina Charlotte
74%
Wyoming Cheyenne
74%
Minnesota Minneapolis
74%
New Jersey Newark
74%
South Carolina Charleston
70%
West Virginia Charleston
70%
Delaware Wilmington
70%
North Dakota Fargo
63%
South Dakota Sioux Falls
63%
Virginia Virginia Beach
63%
Montana Billings
59%
Kansas Wichita
59%
Connecticut Bridgeport
52%
Vermont Burlington
48%
New Hampshire Manchester
48%
No matching quizzes found
Score Distribution
Percent of People with Each Score
Percentile by Number Answered
Your Score History
You have not taken this quiz